000 00875nam a22003017a 4500
001 BR0803494
003 BR-BrBNA
005 20230928102616.0
007 ta
008 230509b bl.||||| |||| 00| 0 por d
040 _aBR-BrBNA
_bpor
_cBiblioteca Nacional de Agricultura
041 _a(Por)
072 _aE70
090 _ E70 BR0803494
110 1 _aMinistério da Agricultura, Pecuária e Abastecimento, Brasília, DF (Brasil)
245 1 _aIntegração do agronegócio para exportação: condomínio rural e consórcio
250 1 _a2. ed.
260 3 _aBrasília, DF (Brasil):
_c2007.
300 _a37 p.
650 _aAGRONEGÓCIO
650 _aINTEGRAÇÃO
650 _aDESENVOLVIMENTO ECONÔMICO
650 _aDESENVOLVIMENTO RURAL
650 _aCOOPERATIVISMO
650 _aEXPORTAÇÃO
909 _a202309
_bLucia
_c55
_dLucia Elande
942 _cBK
999 _c71643
_d71643